000 01224nam a2200325 c 4500
003 BLK
005 20220706122046.0
008 180408b bul|||||r ||||||| ||bul||
010 _aKNG00039010000
040 _aBLK
041 _aJAP
_cDRU
080 _aЛексикология. Езикови речници и разговорници. Лексикография
_b81`374
_x=00
_z81`374=00
100 1 _aNagamatsu Michio
_eпърви автор
_919479
139 _aNagamatsu Michio
_bN 16
245 1 0 _aKanji for everybody
_bMaster 996 basic Kanji in 9 Languages English, German, French, Spanish, Portugues, Korean, Chinese, Russian, Thai : International Kanji workbook : Vol. 1-3
_cNagamatsu Michio.
_nVol. 2
_p390 Kanji
257 _aJAP
260 Japan
_bALC Press
_c1988
300 _c26 cm
380 _a80
650 4 _aРечници, многоезични
_9258522
650 4 _aЯпонски език - речници
_9274829
653 _aмногоезични речници
653 _aяпонски език
760 1 _aNagamatsu Michio
_hc. 235-642
_tVol. 2 390 Kanji
852 _aЦб ІІ 8116
856 4 _qpdf
_u
856 4 _qpdf
_u
942 _cKNG
_n0
_01
944 _aCR
_c15.01.2003
_kAB_DOS
944 _aED
_c09.04.2015
_k
999 _c36176
_d36176